Příběhy trochu jinak : (Stories in a different way) závěrečná práce / autor ; vedoucí práce Marcela Žáková
Táto závěrečná práce si klade za cíl seznámit s Celistvou na smysl zaměřenou pedagogikou Franze Ketta, která jedinečným způsobem doplňuje pedagogiku Marie Montessori. Její využití je reálné především v kosmické výchově, konkrétně při realizaci kosmických příběhu. Dáva Montessori příběhům jinou dimenzi, která podle mého názoru chybí dnešním dětem (i dospělým). Tou dimenzí je vděčnost, úcta, pokora, tajemství, jedinečnost, vzácnost, hloubka poznání.
Record details
- Physical Description: 41 stran : 31 cm
Content descriptions
| Dissertation Note: | Závěrečná práce - Montessori ČR, 2014 |
| Bibliography, etc. Note: | Obsahuje bibliografii |
Search for related items by subject
| Genre: | závěrečné práce |
Available copies
- 1 of 1 copy available at Common Catalog SPOK.
Holds
- 0 current holds with 1 total copy.
Show All Copies
| Location | Call Number / Copy Notes | Barcode | Shelving Location | Status | Due Date |
|---|---|---|---|---|---|
| Montessori Library | ZP0171 | 4614610171 | Chodba | Available | - |
| LDR | ntm a22 i 4500 | ||
|---|---|---|---|
| 001 | 47009 | ||
| 003 | CZ-PrJAB | ||
| 005 | 20200811174632.0 | ||
| 007 | ta | ||
| 008 | s2014 xr e 000 0 cze | ||
| 040 | . | ‡aABG323 ‡bcze ‡erda | |
| 041 | 0 | . | ‡acze |
| 100 | 1 | . | ‡aZíková , Martina ‡4aut |
| 245 | 1 | 0. | ‡a Příběhy trochu jinak : ‡b(Stories in a different way) závěrečná práce / ‡c autor ; vedoucí práce Marcela Žáková |
| 264 | 0. | ‡c2014 | |
| 300 | . | ‡a41 stran : ‡c31 cm | |
| 336 | . | ‡atext ‡btxt ‡2rdacontent | |
| 337 | . | ‡abez média ‡bn ‡2rdamedia | |
| 338 | . | ‡asvazek ‡bnc ‡2rdacarrier | |
| 502 | . | ‡aZávěrečná práce - Montessori ČR, 2014 | |
| 504 | . | ‡aObsahuje bibliografii | |
| 520 | 3 | . | ‡aTáto závěrečná práce si klade za cíl seznámit s Celistvou na smysl zaměřenou pedagogikou Franze Ketta, která jedinečným způsobem doplňuje pedagogiku Marie Montessori. Její využití je reálné především v kosmické výchově, konkrétně při realizaci kosmických příběhu. Dáva Montessori příběhům jinou dimenzi, která podle mého názoru chybí dnešním dětem (i dospělým). Tou dimenzí je vděčnost, úcta, pokora, tajemství, jedinečnost, vzácnost, hloubka poznání. |
| 653 | 0 | . | ‡apříběhy ‡akosmická výchova ‡aMontessori pedagogika ‡aFranz Kett ‡aMaria Montessori ‡afotosyntéza |
| 655 | 7. | ‡azávěrečné práce ‡7fd186753 ‡2czenas | |
| 710 | 2 | . | ‡aMontessori ČR |
| 856 | 4 | 1. | ‡yPlný text ‡zPlný text je dostupný pouze členům Montessori ČR |
| 910 | . | ‡aABG323 | |
| 901 | . | ‡a47009 ‡b ‡c47009 ‡tbiblio | |